Políticas económicas, desarrollo industrial y tecnología en Colombia : (Registro nro. 8614)

Detalles MARC
000 -LEADER
fixed length control field 01402nam a2200253Ia 4500
003 - CONTROL NUMBER IDENTIFIER
control field OSt
005 - DATE AND TIME OF LATEST TRANSACTION
control field 20211019155021.0
008 - FIXED-LENGTH DATA ELEMENTS--GENERAL INFORMATION
fixed length control field 210310s1979 ck ad fr 000 0 spa d
040 ## - CATALOGING SOURCE
Original cataloging agency CO-JMCR
Transcribing agency CO-JMCR
041 0# - LANGUAGE CODE
Language code of text/sound track or separate title spa
082 04 - DEWEY DECIMAL CLASSIFICATION NUMBER
Classification number 338.9861 /
Item number P879p
Edition number 23
100 1# - MAIN ENTRY--PERSONAL NAME
Personal name Poveda Ramos, Gabriel,
9 (RLIN) 17787
Relator term autor
245 10 - TITLE STATEMENT
Title Políticas económicas, desarrollo industrial y tecnología en Colombia :
Remainder of title 1925 1975 /
Statement of responsibility, etc. Estudio realizado para Colciencias por Gabriel Poveda Ramos
250 ## - EDITION STATEMENT
Edition statement Segunda edición
260 ## - PUBLICATION, DISTRIBUTION, ETC.
Place of publication, distribution, etc. Bogotá :
Name of publisher, distributor, etc. Colciencias,
Date of publication, distribution, etc. 1979
300 ## - PHYSICAL DESCRIPTION
Extent 156 páginas, [12] hojas plegables :
Other physical details ilustraciones y gráficas a blanco y negro ;
Dimensions 23 cm.
500 ## - GENERAL NOTE
General note "Proyecto de mecanismos e instrumentos de política científico-tecnológica"<br/>Incluye notas a pie de página.
504 ## - BIBLIOGRAPHY, ETC. NOTE
Bibliography, etc. note Bibliografía al final del texto.
505 0# - FORMATTED CONTENTS NOTE
Formatted contents note Visión retrospectiva del desarrollo industrial y tecnológico -- Principales medidas de política económica que han determinado el patrón de industrialización y de tecnología en Colombia de 1925 a 1975 -- Las más importantes innovaciones tecnológicas en la industria en Colombia, 1925-1975
650 14 - SUBJECT ADDED ENTRY--TOPICAL TERM
Topical term or geographic name entry element Industrialización
9 (RLIN) 17789
General subdivision Investigaciones
Chronological subdivision 1925-1975
Geographic subdivision Colombia
650 24 - SUBJECT ADDED ENTRY--TOPICAL TERM
Topical term or geographic name entry element Tecnología
General subdivision Investigaciones
Chronological subdivision 1925-1975
Geographic subdivision Colombia
9 (RLIN) 41207
651 #4 - SUBJECT ADDED ENTRY--GEOGRAPHIC NAME
Geographic name Colombia
General subdivision Política económica
-- Investigaciones
Chronological subdivision 1925-1975
9 (RLIN) 41208
942 ## - ADDED ENTRY ELEMENTS (KOHA)
Source of classification or shelving scheme Dewey Decimal Classification
Koha item type Books
Existencias
Withdrawn status Lost status Source of classification or shelving scheme Damaged status Not for loan Collection code Home library Current library Date acquired Source of acquisition Full call number Barcode Date last seen Copy number Koha item type
    Dewey Decimal Classification     Non-fiction Biblioteca Pública José María del Castillo y Rada Biblioteca Pública José María del Castillo y Rada 04/15/2018 Donación 338.9861 / P879p 430003939 05/16/2024 Ej.1 Books